000 00479nam a2200181Ia 4500
001 17841
005 20260306171546.0
008 260306s9999||||xx |||||||||||||| ||und||
041 _aESP
082 _a658.3
_bA43G
100 _aAlles, Martha Alicia
_eAUT
245 0 _a5 Pasos para transformar una oficina de personal en un área de recursos humanos
260 _c2007
300 _a304 páginas :
_c23 cm.
650 _aGEN
654 _aCAN
942 _cLIB
_dJUS
_fJUS
_2ddc
_n
999 _c17841
_d17841